Khảo sát biến động một số yếu tố môi trường trong ao nuôi cá Rô Đầu Vuông tại Hậu Giang : Luận văn tốt nghiệp cao học. Chuyên ngành Quản lý Tài nguyên và Môi trường

Nội dung đề tài nghiên cứu điều tra quy trình chăm sóc và quản lý ao nuôi cá rô đầu vuông; khảo sát sự biến động một số yếu tố môi trường nước trong ao nuôi thâm canh của cá rô đầu vuông theo thời gian nuôi và thời gian trong ngày....

Полное описание

Сохранить в:
Библиографические подробности
Главный автор: Nguyễn, Thành Đông
Формат:
Язык:Undetermined
Опубликовано: Cần Thơ Trường Đại học Cần Thơ 2013
Предметы:
Метки: Добавить метку
Нет меток, Требуется 1-ая метка записи!
Thư viện lưu trữ: Trung tâm Học liệu Trường Đại học Cần Thơ
LEADER 01248nam a2200217Ia 4500
001 CTU_185050
008 210402s9999 xx 000 0 und d
082 |a 363.7 
082 |b Đ455 
088 |a 60850101 
100 |a Nguyễn, Thành Đông 
245 0 |a Khảo sát biến động một số yếu tố môi trường trong ao nuôi cá Rô Đầu Vuông tại Hậu Giang : 
245 0 |b Luận văn tốt nghiệp cao học. Chuyên ngành Quản lý Tài nguyên và Môi trường 
245 0 |c Nguyễn Thành Đông ; Nguyễn Văn Công (Cán bộ hướng dẫn) 
260 |a Cần Thơ 
260 |b Trường Đại học Cần Thơ 
260 |c 2013 
520 |a Nội dung đề tài nghiên cứu điều tra quy trình chăm sóc và quản lý ao nuôi cá rô đầu vuông; khảo sát sự biến động một số yếu tố môi trường nước trong ao nuôi thâm canh của cá rô đầu vuông theo thời gian nuôi và thời gian trong ngày. 
650 |a Cá rô,Ao,Perch,Ponds 
904 |i Thùy An, Trúc 
980 |a Trung tâm Học liệu Trường Đại học Cần Thơ